[Event "Nicolo La Rosa op 14th"]
[Site "Mazara del Vallo"]
[Date "2006.08.12"]
[Round "4"]
[White "Architetto, Sandro"]
[Black "Internicola, Dario"]
[Result "0-1"]
[WhiteElo "1509"]
[BlackElo "1544"]
[PlyCount "52"]
[EventDate "2006.08.11"]
[EventType "swiss"]
[EventRounds "6"]
[EventCountry "ITA"]
[SourceTitle "EXT 2011"]
[Source "ChessBase"]
[SourceDate "2010.11.26"]
[SourceVersion "1"]
[SourceVersionDate "2010.11.26"]
[SourceQuality "1"]

1. e4 c5 2. Nf3 d6 3. c3 g6 4. d4 cxd4 5. cxd4 Bg7 6. Bc4 Nf6 7. Ng5 e6 8. Nc3 0-0 9. 0-0 d5 10. exd5 Nxd5 11. Nf3 Nc6 12. Nxd5 exd5 13. Be2 Qb6 14. h3 Nxd4 15. Be3 Nxf3+ 16. Bxf3 Qxb2 17. Rb1 Qxa2 18. Bxd5 Qa6 19. Qf3 Qf6 20. Bf4 a5 21. Bxb7 Bxb7 22. Rxb7 a4 23. Rfb1 a3 24. Rb8 Rfxb8 25. Rxb8+ Rxb8 26. Bxb8 Qxf3 0-1